00567nam a2200181Ia 4500003000900000008004100009020001800050040001600068080001700084100001900101245009100120250001200211260004700223300001000270650004100280650004000321700002400361IN-BaIIA211028s9999 xx 000 0 eng d a0-226-35171-8 cIIA Library a(038)52bGLO aJeanne Hopkins 0aGlossary of astronomy and astrophysicscJeanne Hopkins ; foreword by S. Chandrasekhar. a2nd ed. aChicagobUniversity of Chicago Pressc1980 a196p. aAstronomy and Astrophysics Thesaurus aGlossary-Astronomy and Astrophysics aChandrasekhar, for.